000 00329nam a22001457a 4500
003 OSt
008 250507b |||||||| |||| 00| 0 eng d
100 _aDAYANAND, Mehrsee
245 _aReegvedh 1st Part
250 _a23th
260 _aNew Delhi
_bArya Prakashan
_c2023
300 _a485
650 _aGeneral
942 _2ddc
_cBK
999 _c13559
_d13559